Faculty of Law Library — Cairo University

Official Online Catalog

موسوعة العدالة فى أحكام النقض الجنائى فى عشر سنوات من 1997 - 2007. (Record no. 73718)

MARC details
000 -LEADER
fixed length control field 03006nam a2200313 i 4500
003 - CONTROL NUMBER IDENTIFIER
control field EG-GICUC
005 - DATE AND TIME OF LATEST TRANSACTION
control field 20260427182505.0
008 - FIXED-LENGTH DATA ELEMENTS--GENERAL INFORMATION
fixed length control field 260427s2008 ua |||fr|||| 00| 0 ara d
040 ## - CATALOGING SOURCE
Original cataloging agency EG-GICUC
Language of cataloging ara
Transcribing agency EG-GICUC
Modifying agency EG-GICUC
Description conventions rda
041 0# - LANGUAGE CODE
Language code of text/sound track or separate title Ara
082 04 - DEWEY DECIMAL CLASSIFICATION NUMBER
Edition number 21
Classification number 343.3807
Item number م ج . م
092 04 - LOCALLY ASSIGNED DEWEY CALL NUMBER (OCLC)
Edition number 21
099 ## - LOCAL FREE-TEXT CALL NUMBER (OCLC)
Classification number Law1 10 343.3807 م ج . م 2008
100 0# - MAIN ENTRY--PERSONAL NAME
Personal name مجدى محمود محب حافظ
Relator term مؤلف.
245 10 - TITLE STATEMENT
Title موسوعة العدالة فى أحكام النقض الجنائى فى عشر سنوات من 1997 - 2007.
Number of part/section of a work الجزء الأول،
Name of part/section of a work اتفاق اتلاف - اثبات الإعتراف - الأوراق الرسمية - الخبرة الشهود • القرائن المعاينة . إثبات بوجه عام - إتبات مدنى اجانب - إجراءات - إجراءات التحريز إجراءات التحقيق • إجراءات أحداث - احزاب • أحوال إختبار الإ.ختصاص المكاني شخصية - أحوال مدنية - أخبار كاذبة وإشاعات مغرضه التقاضي • إجراءات المحاكمة • إحالة تنازع الاختصاص - إختلاس فضائي - اختصاص - إختصاص بوجه عام أشياء محجوزة - إختلاس أموال أميرية - إخفاء أشياء مسروقة . الاختصاص النوعي - الاختصاص الولائي إخفاء جنة الخفاء أموال منقولة لعديمي الأهلية أو الغالبين عمدي بنظام توزيع سلعة • إخلال عمدي في تنفيذ عقد مقاولة الجنون وعامة العقل . إزعاج - أسباب الإباحة ومواقع العقاب السكر الإختياري - حالة الضرورة الدفاع الشرعي - الغيبوبة الارتكاب فعال تنفيذا لأمر صادر إليه من رئيس تجب عليه طاعته التقرير به عمل الطبيب ميعاده إخلال ارتباط إباحة نطاقه نظرة والحكم فيه - سقوطه • إستئناف الحكم الصادر في المعارضة القوة القاهرة - إستئناف استجواب ، حق على اختار أو دمعات ال العلامات. الحدى المصالح الحكومية - استدلالات • إستغلال /
Statement of responsibility, etc. تأليف دكتور مجدى محمود محب حافظ.
264 #1 - PRODUCTION, PUBLICATION, DISTRIBUTION, MANUFACTURE, AND COPYRIGHT NOTICE
Place of production, publication, distribution, manufacture القاهرة :
Name of producer, publisher, distributor, manufacturer دار شادى،
-- دار العدالة،
Date of production, publication, distribution, manufacture, or copyright notice 2008.
300 ## - PHYSICAL DESCRIPTION
Extent 573 ؛صفحة
Dimensions 24 سم.
336 ## - CONTENT TYPE
Source rda content
Content type term text
337 ## - MEDIA TYPE
Source rda media
Media type term Computer
338 ## - CARRIER TYPE
Source rda carrier
Carrier type term Online Resource
505 ## - FORMATTED CONTENTS NOTE
Formatted contents note الجزء الأول يحتوى على حرف الألف
546 ## - LANGUAGE NOTE
Language note النص باللغة العربية
650 1# - SUBJECT ADDED ENTRY--TOPICAL TERM
Topical term or geographic name entry element الأحكام الجنائية
General subdivision أحكام النقض
Source of heading or term qrmak
650 1# - SUBJECT ADDED ENTRY--TOPICAL TERM
Topical term or geographic name entry element القانون الجنائى
Source of heading or term qrmak
651 1# - SUBJECT ADDED ENTRY--GEOGRAPHIC NAME
Source of heading or term qrmak
856 40 - ELECTRONIC LOCATION AND ACCESS
Uniform Resource Identifier <a href="https://fll.law.cu.edu.eg/fulltext/bks/B10-10697.pdf">https://fll.law.cu.edu.eg/fulltext/bks/B10-10697.pdf</a>
905 ## - Cataloger and Reviser Names
Cataloger Name: Yasmin Sayed
942 ## - ADDED ENTRY ELEMENTS (KOHA)
Source of classification or shelving scheme Dewey Decimal Classification
Koha item type Books
Edition 21
Suppress in OPAC No
Holdings
Withdrawn status Lost status Source of classification or shelving scheme Damaged status Not for loan Collection Home library Current library Date acquired Total checkouts Full call number Barcode Date last seen Copy number Price effective from Koha item type
    Dewey Decimal Classification   Not for loan القانون الجنائي جــــامعة القــاهرة مكتبة كلية الحقوق - المبنى الرئيسي 27.04.2026   Law1 10 343.3807 م ج . م 2008 1010697 V1, C1 B10-10697 27.04.2026 1 27.04.2026 Books

© All rights reserved — Faculty of Law, Cairo University